01186nam a2200193Ia 4500001001000000003001000010008004100020040002500061041001300086100002300099245009700122250001100219260009200230300001200322500025700334501011400591520025700705650003000962L220-4053IT-CnALBA170116s9999||||xx |||||||||||||| ||und|| aIT-CnALBAcIT-CnALBA aITALIANO aEZECHIELE, PROFETA 0aLA SACRA BIBBIA. ANTICO TESTAMENTO. VOL. VII. PROFETI 2. EZECHIELE DANIELE. PROFETI MINORI.  a1a ed. a FIRENZEbSALANI ADRIANO, CASA EDITRICE c1955 [1° Ed.:1955 - Ed.Ling.Originale: 1955] a438 p.  aTAVOLE. EZECHIELE. DANIELE. AMOS. OSEA. MICHEA. GIOELE. ABDIA GIONA NAUM ABACUC SOFONIA AGGEO ZACCARIA MALACHIA. APPENDICE CRITICA. VARIANTI DEL TESTO. ABBREVIATURE. SEGNI DIVERSI. TRADUZIONE DAI TESTI ORIGINALI CON NOTE DELL'ISTITUTO BIBLICO DI ROMA.  aSocietà San Paolo EM - Piazza San Paolo, 14 - 12051 ALBA (CN) (non commercial uses only) ® Copyright 2017 aTAVOLE. EZECHIELE. DANIELE. AMOS. OSEA. MICHEA. GIOELE. ABDIA GIONA NAUM ABACUC SOFONIA AGGEO ZACCARIA MALACHIA. APPENDICE CRITICA. VARIANTI DEL TESTO. ABBREVIATURE. SEGNI DIVERSI. TRADUZIONE DAI TESTI ORIGINALI CON NOTE DELL'ISTITUTO BIBLICO DI ROMA.  aBIBBIA - TESTI E COMMENTI